000 00646nam a2200217Ia 4500
003 GCL
008 140319s9999 xx 000 0 ara d
040 _aGCL /
_cGCL
082 0 4 _a813.01
_bس ا
100 1 _aسعاد حلمى
245 1 0 _aارجوك افهمنى /
_cسعاد حلمى
260 _a[S.N] :
_bالاهرام للترجمة والنشر ،
_c1992
300 _a185 ص
490 _a
650 0 4 _aالادب العربى
650 0 4 _aالقصص العربية
650 0 4 _aالقصص القصيرة
650 0 4 _aالقصص العربية المترجمة
650 0 4 _aالقصة العربية
942 _2ddc
_cBK
999 _c31955
_d31955